000 00882nam a2200277Ia 4500
999 _c28144
_d28144
001 367080
003 EC-QuCCB
007 ta
008 130917s1945 mx a g 001 0 spa d
040 _aEC-QuCCB
_cCCE-Tungurahua
082 _a709.866
_bN322
100 _95515
_aNavarro, José Gabriel,
_d1881-1965 
_q  Navarro y Enriquez, José Gabriel,
245 1 0 _aArtes plásticas ecuatorianas
_cJosé Navarro
260 _aMéxico D.C, México :
_bFondo de Cultura Económica
_c1945
300 _a262 páginas :
_bilustraciones
336 _atexto
_btxt
337 _ano mediado
_bn
338 _avolumen
_bnc
490 1 _aTierra firme
_vn. 12
650 _aArtes plásticas
_911039
_zEcuador
650 0 _aArte Religioso Quiteño
_922901
650 _aArte ecuatoriano
_911021
650 4 _aEscultura Religiosa Quiteña
650 _aPintura Religiosa
_914942
942 _2ddc
_cBK